| 000 | 00369nam a22001457a 4500 | ||
|---|---|---|---|
| 020 | _qPB. | ||
| 040 | _cFIZZA ISHAQ | ||
| 082 |
_a005.8 _bBEH |
||
| 100 |
_aFOROUZAN, A. BEHROUZ. _987170 |
||
| 245 |
_aCRYPTOGRAPHY AND NETWORK SECURITY / _cBEHROUZ A. FOROUZAN. |
||
| 250 | _a3rd ED. | ||
| 260 |
_aNEW DEHLI : _bMC GRAW, _c2015. |
||
| 300 | _a674 P. ; | ||
| 942 |
_2ddc _cBK |
||
| 999 |
_c587467 _d587467 |
||